Statistics for MLB Fun Facts

Click here to take the quiz!

General Stats

  • This quiz has been taken 34 times
    (24 since last reset)
  • The average score is 4 of 15

Answer Stats

What did they doWho did it% Correct
Hardest thrown pitch on record (108.1 mph)Nolan Ryan
80%
Only player to hit two grand slams in one inningFernando Tatis
55%
Farthest hit Home Run (643 feet)Mickey Mantle
45%
Only pitcher to throw perfect game in World SeriesDon Larsen
30%
Only one-armed pitcher to throw no-hitterJim Abbott
30%
Only player to win MVP in both leaguesFrank Robinson
25%
Only player to win three MLB Home Run DerbysKen Griffey Jr.
25%
Only Father-Son Combo to both be in Home Run DerbyPrince and Cecil Fielder
25%
Only pitcher to throw no-hitter in back to back startsJohnny Vander Meer
20%
Only pitcher to throw no-hitter in Major League DebutBumpus Jones
15%
Only MLB pitcher with 6 fingersAntonio Alfonseca
10%
Only player to win Home Run Derby and MVP in one seasonCal Ripken Jr.
10%
Only MLB pitcher to hit 2 home runs on opening dayMadison Bumgarner
10%
Only pitcher to hit two grand slams in one gameTony Cloninger
10%
Only pitcher to officially strike himself outJohan Santana
5%

Score Distribution

Percentile by Number Answered

Percent of People with Each Score

Your Score History

You have not taken this quiz since the last reset